| 000 | 00458nam a2200157 i 4500 | ||
|---|---|---|---|
| 001 | 70412 | ||
| 003 | ES-MaACL | ||
| 005 | 20230906170818.0 | ||
| 007 | t| | ||
| 008 | 040723s1964 sp ||||1| spa d | ||
| 100 | 1 |
_aGarcía Serrano, Rafael. _955295 |
|
| 245 | 1 | 0 |
_aDiccionario para un macuto / _cRafael García Serrano. |
| 260 |
_aMadrid : _bEditora Nacional, _c1964. |
||
| 300 |
_aXXIII, 812 p., 26 lám. ; _c22 cm. |
||
| 852 |
_aES-MaACL _jC-25891 _bR.54837 |
||
| 999 |
_c70412 _d70412 |
||